| 000 | 02668cam a2200361 4500500 | ||
|---|---|---|---|
| 005 | 20260222011925.0 | ||
| 041 | _afre | ||
| 042 | _adc | ||
| 100 | 1 | 0 |
_avon Bueltzingsloewen, Isabelle _eauthor |
| 245 | 0 | 0 | _aDeux expériences enfantines de séparation familiale |
| 260 | _c2022. | ||
| 500 | _a3 | ||
| 520 | _aCet article reconstitue et croise les itinéraires de deux enfants, Raymond et Claude, pendant la Seconde Guerre mondiale. En dépit de sources lacunaires et grâce au recours à l’histoire orale, il restitue les circonstances dans lesquelles les deux garçons ont été séparés de leurs parents, d’abord temporairement puis définitivement après le bombardement de Lyon, le 26 mai 1944, dans lequel Raymond a perdu son père et Claude son père et sa mère. Il s’intéresse également à la façon dont chacun d’entre eux, après ce traumatisme, a poursuivi sa vie et développé un rapport très contrasté à cette histoire quasiment absente de la mémoire collective. Il montre enfin l’intérêt, pour l’historien qui s’intéresse aux « mémoires faibles », des enquêtes historiques menées à l’échelle de trajectoires singulières. | ||
| 520 | _aThis article analyzes and “crosses” the itineraries of two children, Raymond and Claude, during the Second World War. In spite of incomplete sources and thanks to the use of oral history, it reconstructs the circumstances in which the two boys were separated from their parents, first temporarily and then definitively after the bombing of Lyon on May 26, 1944, in which Raymond lost his father and Claude his father and mother. It also looks at the way in which each of them, after this trauma, went on with their lives and developed very different relationships with this history that is almost absent from the collective memory. Finally, it shows the interest, for the historian who is interested in “weak memories”, of historical investigations carried out on the scale of singular trajectories. | ||
| 690 | _abombardement | ||
| 690 | _aenfance | ||
| 690 | _ahistoire orale | ||
| 690 | _amémoires faibles | ||
| 690 | _amicrohistoire | ||
| 690 | _aSeconde Guerre mondiale | ||
| 690 | _aséparation | ||
| 690 | _atraumatisme | ||
| 690 | _aBombing | ||
| 690 | _aChildhood | ||
| 690 | _aMicrohistory | ||
| 690 | _aOral history | ||
| 690 | _aSecond World War | ||
| 690 | _aSeparation | ||
| 690 | _aTrauma | ||
| 690 | _aWeak Memory | ||
| 786 | 0 | _nL'irrégulière | 24 | 1 | 2022-07-20 | p. 33-47 | 1962-9419 | |
| 856 | 4 | 1 | _uhttps://shs.cairn.info/revue-d-histoire-de-l-enfance-irreguliere-2022-1-page-33?lang=fr&redirect-ssocas=7080 |
| 999 |
_c1669998 _d1669998 |
||